Štandardizácia európskych krytých dlhopisov a jej význam

Prehľad smerníc a regulácií EÚ vzťahujúcich sa na kryté dlhopisy. Zmeny v legislatíve hypotekárneho bankovníctva na Slovensku po roku 2016.

Na minha lista:
Detalhes bibliográficos
Autor principal: Horvátová, Eva, 1958-
Formato: Capítulo de Livro
Idioma:eslovaco
Assuntos:
Tags: Adicionar Tag
Sem tags, seja o primeiro a adicionar uma tag!

MARC

LEADER 00000naa a2200000 4500
001 0289366
005 20260205074107.5
041 0 |a slo 
044 |a SK 
245 1 0 |a Štandardizácia európskych krytých dlhopisov a jej význam  |c Eva Horvátová 
520 |a Prehľad smerníc a regulácií EÚ vzťahujúcich sa na kryté dlhopisy. Zmeny v legislatíve hypotekárneho bankovníctva na Slovensku po roku 2016. 
610 2 0 |a dlhopisy 
610 2 0 |a bankovníctvo hypotekárne 
610 2 0 |a investori 
610 2 0 |a smernice 
610 2 0 |a regulácia 
610 2 0 |a Európska únia 
100 1 |a Horvátová, Eva, 1958-